Statistics for Guess the Taylor Swift song with no hint 83

Click here to take the quiz!

General Stats

  • This quiz has been taken 370 times
  • The average score is 320 of 367

Answer Stats

Answer% Correct
I
100%
you
99%
it
98%
It
98%
the
98%
The
98%
me
97%
My
97%
my
97%
on
97%
to
97%
and
96%
And
96%
in
96%
your
96%
Your
96%
do
95%
I'm
95%
is
95%
all
94%
All
94%
be
94%
was
94%
where
94%
love
93%
love?
93%
when
93%
who
93%
don't
92%
go
92%
its
92%
can
91%
if
91%
say
91%
This
91%
this
91%
too
91%
"Have
90%
have
90%
of
90%
There
90%
were
90%
with
90%
enchanted
88%
meet
88%
Not
88%
That
88%
that
88%
are
87%
at
87%
I'll
87%
way
87%
as
86%
Like
86%
again
85%
I'd
85%
knew
85%
night
85%
see
85%
someone
85%
up
85%
AM
84%
else
84%
home
84%
let
84%
now
84%
would
84%
eyes
83%
know
83%
Please
83%
saw
83%
waiting
83%
forever
82%
somebody
82%
will
82%
enchanting
81%
smiles
81%
tonight
81%
wonder
81%
faking
80%
first
80%
met?"
80%
sparkling
80%
2
79%
back
79%
face
79%
make
78%
very
78%
Forcing
77%
old
77%
Same
77%
story
77%
These
77%
wondering
77%
wonderstruck
77%
ends
76%
door
75%
name
75%
until
75%
whispered
75%
echo
74%
laughter
74%
lonely
74%
place
74%
room
74%
soon
74%
starts
74%
Starts
74%
alone
73%
'Cross
73%
dancing
73%
line
73%
page
73%
spend
73%
tired
73%
Wishing
73%
words
73%
awake
72%
held
72%
leaving
72%
question
72%
quick
72%
thoughts
72%
wide
72%
blushing
71%
forth
71%
"Hey"
71%
open
71%
passing
71%
remarks
71%
Walls
71%
conversation
70%
flawless
70%
kept
70%
pacing
70%
secrecy
70%
around
69%
notes
69%
silhouette
69%
Vanished
69%
praying
68%
vacancy
68%
insincerity
67%
shifting
67%
Counter
66%
'til
66%
lingering
64%
playful
63%

Score Distribution

Percentile by Number Answered

Percent of People with Each Score

Your Score History

You have not taken this quiz